UBT Library

Oracle Exalogic Elastic Cloud Handbook (Record no. 54906)

000 -LEADER
fixed length control field 00329nam a22001457a 4500
008 - FIXED-LENGTH DATA ELEMENTS--GENERAL INFORMATION
fixed length control field 190925b ||||| |||| 00| 0 eng d
020 ## - INTERNATIONAL STANDARD BOOK NUMBER
International Standard Book Number 9780071778282
041 ## - LANGUAGE CODE
Language code of text/sound track or separate title eng
080 ## - UNIVERSAL DECIMAL CLASSIFICATION NUMBER
Universal Decimal Classification number 004
082 ## - DEWEY DECIMAL CLASSIFICATION NUMBER
Classification number 044
100 ## - Rafti
Rafti 28
101 ## - Shkurtesa
Shkurtesa SHKI
245 ## - TITLE STATEMENT
Title Oracle Exalogic Elastic Cloud Handbook
Statement of responsibility, etc Plunkett.T
942 ## - ADDED ENTRY ELEMENTS (KOHA)
Source of classification or shelving scheme
Item type Books
Holdings
Withdrawn status Lost status Source of classification or shelving scheme Damaged status Not for loan Collection code Permanent location Current location Shelving location Date acquired Total Checkouts Full call number Barcode Date last seen Price effective from Koha item type
          Koleksioni i përgjithshem UBT - Gjilan UBT - Gjilan Koleksioni i përgjithshem 09/25/2019   044 002-3020376 09/25/2019 09/25/2019 Books
          Koleksioni i përgjithshem UBT - Gjilan UBT - Gjilan Koleksioni i përgjithshem 09/25/2019   044 002-3020371 09/25/2019 09/25/2019 Books
          Koleksioni i përgjithshem UBT - Gjilan UBT - Gjilan Koleksioni i përgjithshem 09/25/2019   044 002-3020366 09/25/2019 09/25/2019 Books
          Koleksioni i përgjithshem UBT - Gjilan UBT - Gjilan Koleksioni i përgjithshem 09/25/2019   044 002-3020361 09/25/2019 09/25/2019 Books
          Koleksioni i përgjithshem UBT - Gjilan UBT - Gjilan Koleksioni i përgjithshem 09/25/2019   044 002-3020356 09/25/2019 09/25/2019 Books
UBT Library © 2015-2024. All rights reserved University Education for Business and Technology